header

Aid impact and poverty reduction (Record no. 93522)

MARC details
000 -LEADER
fixed length control field 01597nam a22003854a 4500
082 04 - DEWEY DECIMAL CLASSIFICATION NUMBER
Classification number 339.4/6/091724
245 00 - TITLE STATEMENT
Title Aid impact and poverty reduction
250 ## - EDITION STATEMENT
Edition statement 1st ed.
260 ## - PUBLICATION, DISTRIBUTION, ETC. (IMPRINT)
Place of publication New York :
Name of publisher Palgrave Macmillan ;
Place of publication [Copenhagen] :
Name of publisher Danish Institute for International Studies,
Year of publication 2006.
300 ## - PHYSICAL DESCRIPTION
Number of Pages xiv, 250 p. :
Other physical details ill.
490 1# - SERIES STATEMENT
Series statement Palgrave studies in governance, security, and development
650 #0 - SUBJECT ADDED ENTRY--TOPICAL TERM
Topical Term Economic assistance.
Topical Term Poverty
Topical Term Economic assistance
700 1# - ADDED ENTRY--PERSONAL NAME
Personal name Folke, Steen.
Personal name Nielsen, Henrik,
856 40 - ELECTRONIC LOCATION AND ACCESS
Uniform Resource Identifier http://site.ebrary.com/lib/rucke/Doc?id=10155133

No items available.

© 2026 Rongo University
Contact us: librarian | system librarian | Rongo university